000 00458nmm a2200181Ia 4500
008 251105s9999||||xx |||||||||||||||||und||
041 _aspa
100 _aJones, Julie
245 0 _aHotel california
264 _a[Madrid, España] :
_bSaga Egmont,
_c2019
300 _a18 páginas
490 _aLUST
650 _aErotic novel
700 _aJones, Julie
700 1 _a Lust
856 _uhttps://public.digitaliapublishing.com/a/99143
942 _cCF
999 _c67291
_d67291